[Event "Budapest-chT1 Lilienthal 1011"]
[Site "Budapest"]
[Date "2011.03.06"]
[Round "10"]
[White "Kassay, Gabor"]
[Black "Murin, Janos"]
[Result "0-1"]
[WhiteElo "2037"]
[BlackElo "2231"]
[PlyCount "142"]
[EventDate "2010.09.19"]
[EventType "team-tourn"]
[EventRounds "11"]
[EventCountry "HUN"]
[SourceTitle "EXT 2020"]
[Source "ChessBase"]
[SourceDate "2019.10.17"]
[SourceVersion "1"]
[SourceVersionDate "2019.10.17"]
[SourceQuality "1"]
[WhiteTeam "Csepel"]
[BlackTeam "Budapest Honved III"]
[WhiteTeamCountry "HUN"]
[BlackTeamCountry "HUN"]

1. d4 Nf6 2. c4 g6 3. Nf3 Bg7 4. g3 0-0 5. Bg2 d6 6. 0-0 Nbd7 7. Nc3 e5 8. dxe5 dxe5 9. e4 c6 10. Qe2 Qc7 11. Be3 Re8 12. Nd2 Nf8 13. f4 Ng4 14. f5 Nxe3 15. Qxe3 Nd7 16. g4 Bf8 17. Kh1 Qb6 18. Qf3 g5 19. b3 f6 20. h4 h6 21. hxg5 hxg5 22. Qh3 Re7 23. Qf3 Rh7+ 24. Bh3 Bb4 25. Rad1 Nf8 26. Ndb1 Bd7 27. a3 Be7 28. Ne2 Be8 29. Kg2 a5 30. Rh1 Bf7 31. Qc3 Qc5 32. Kf3 a4 33. Bg2 Rd8 34. Rxd8 Bxd8 35. Rc1 Bb6 36. Rf1 axb3 37. Nd2 b2 38. a4 Nd7 39. Qd3 b1Q 40. Nxb1 Bxc4 41. Qd2 Nf8 42. Kg3 Rd7 43. Qc2 Bxe2 44. Qxe2 Qb4 45. Qa2+ Kg7 46. Bf3 Be3 47. Qc2 c5 48. Qc3 Bf4+ 49. Kg2 Bd2 50. Qxb4 Bxb4 51. Rc1 Rd3 52. Kf2 Nd7 53. Be2 Rd4 54. Kf3 Nb8 55. Bb5 Nd7 56. Nc3 Nb6 57. Na2 Nc8 58. Nxb4 Rxb4 59. Rxc5 Nd6 60. Rc7+ Kf8 61. Bd3 Rxa4 62. Bc2 Rd4 63. Ke3 Ke8 64. Rc3 Kd7 65. Kf3 Rc4 66. Rxc4 Nxc4 67. Bd3 Nd6 68. Ke3 Kc6 69. Bc2 Kc5 70. Kd3 Kb4 71. Bb1 b6 0-1